Highly rated? (Record no. 75512)
[ view plain ]
| 000 -LEADER | |
|---|---|
| fixed length control field | 01003cab a2200229 4500 |
| 001 - CONTROL NUMBER | |
| control field | L130244 |
| 008 - FIXED-LENGTH DATA ELEMENTS--GENERAL INFORMATION | |
| fixed length control field | 050706n2005 000 0 eng u |
| 035 ## - SYSTEM CONTROL NUMBER | |
| System control number | (Sirsi) u130244 |
| 041 ## - LANGUAGE CODE | |
| Language code of text/sound track or separate title | eng |
| 100 ## - MAIN ENTRY--PERSONAL NAME | |
| Personal name | Glover, Richard |
| 245 ## - TITLE STATEMENT | |
| Title | Highly rated? |
| 260 ## - PUBLICATION, DISTRIBUTION, ETC. | |
| Date of publication, distribution, etc. | 2005 |
| 490 ## - SERIES STATEMENT | |
| Series statement | Solicitors' Journal |
| Volume/sequential designation | 149(25) 24 June 2005, 759-760(2) |
| 520 ## - SUMMARY, ETC. | |
| Summary, etc. | Reviews the non-domestic rating system and provides an outline of the system. Explains a number of areas: hereditaments, local authority facilities, empty property, liability of landlords, transitional relief, the procedure for collecting rates and altering valuations from the point of view of a solicitor as opposed to a valuer. |
| 590 ## - LOCAL NOTE (RLIN) | |
| Local note | IKA190705 |
| 650 ## - SUBJECT ADDED ENTRY--TOPICAL TERM | |
| Topical term or geographic name entry element | R (EDISON POWER LTD) V CENTRAL VALUATION OFFICER |
| 650 ## - SUBJECT ADDED ENTRY--TOPICAL TERM | |
| Topical term or geographic name entry element | ENCON INSULATION (NOTTINGHAM) LTD V NOTTINGHAM CITY COUNCIL |
| 650 ## - SUBJECT ADDED ENTRY--TOPICAL TERM | |
| Topical term or geographic name entry element | WOOLWICH BUILDING SOCIETY V IRC |
| 650 ## - SUBJECT ADDED ENTRY--TOPICAL TERM | |
| Topical term or geographic name entry element | REGENTFORD LTD V THANET DC |
| 690 ## - LOCAL SUBJECT ADDED ENTRY--TOPICAL TERM (OCLC, RLIN) | |
| Topical term or geographic name as entry element | Planning and development |
| 9 (RLIN) | 6259 |
| 942 ## - ADDED ENTRY ELEMENTS (KOHA) | |
| Suppress in OPAC | 0 |
| Withdrawn status | Lost status | Source of classification or shelving scheme | Damaged status | Not for loan | Home library | Current library | Shelving location | Date acquired | Total Checkouts | Full call number | Barcode | Date last seen | Copy number | Price effective from | Koha item type |
|---|---|---|---|---|---|---|---|---|---|---|---|---|---|---|---|
| Dewey Decimal Classification | London | London | Journal article | 06/07/2005 | L130244 | 130244-1001 | 06/08/2019 | 1 | 06/08/2019 | Journal article |